=LDR 00000nam 2200000 4500 =001 INLIS000000000033400 =005 20200911101945 =035 ##$$a 0010-061300000033400 =008 200911################g##########0#ind## =041 ##$$a Ind =082 ##$$a 300. 02 =090 ##$$a 300, Her i =100 ##$$a Herimanto =245 1#$$a Ilmu sosial dan budaya dasar /$c Herimanto ; Winarno =260 ##$$a Jakarta :$b Bumi Aksara,$c 2013 =300 ##$$a x, 218 hlm. ; $c 20 x 14 cm. =650 #4$$a Ilmu Sosial =850 ##$$a NBPNMAT =020 ##$$a 978-979-010-425-9 =084 ##$$a 300. 02 HER i =250 ##$$a cet. 7 =700 #$$a Winarno =990 ##$$a 21303331 =990 ##$$a 21303329 =990 ##$$a 51300050